000 00358nam a2200133Ia 4500
005 20250516145653.0
008 250516s9999 xx 000 0 und d
020 _a9788024643793
082 _a230.092
_bSLÁ
100 _aSládek, Karel
245 0 _aTomáš Špidlík: A Theological Life
260 _bUniversity of Chicago Press
_c2020
942 _cENGLISH
999 _c571169
_d571169